000 01726cam a2200325 i 4500
001 18848
003 CO-MdFUSB
005 20221022102137.0
008 221022t2001 sp ||||| |||| 00| 0 spa d
020 _a84-9715-003-1
040 _bspa.
_aCO-MdFUSB
_cCO-MdFUSB
_dCO-MdFUSBC
_erda
041 _aspa
082 0 4 _a220.7
_b O236b v7
100 1 _aBray, Gerald
_eautor
245 1 0 _aLa Biblia comentada por los padres de la Iglesia y otros autores de la época patrística : Nuevo testamento : 1-2 Corintios /
_c/ Gerald Bray ; editor general Thomas C. Oden ; director de la edición en castellano Marcelo Merino Rodríguez ; traducido por María Inmaculada Berlanga...(et. al.)
264 1 _aMadrid :
_bCiudad Nueva,
_c[2001]
264 4 _c© 2001
300 _a431 páginas
_c;
336 _2rdacontent
_atexto
_btxt
337 _2rdamedia
_asin mediación
_bn
338 _2rdacarrier
_avolumen
_bnc
500 _atítulo original en ingles : 1-2 Corinthias (Ancient Christian Commentary on Scripture) \ La Biblioteca tiene toda la colección del Nuevo Testamento que va del volumen 1a al volumen 12 y los volúmenes 1, 2, 4, 7, 10, 12, 13 y 16 del Antiguo Testamento. \ Incluye Glosario de autores y obras -- Índice de autores y obras antiguos -- Índice temático -- Incluye Índice bíblico.
501 _apasta dura
505 _aGuía para usar este comentario -- Abreviaturas y Siglas -- Bibliografía de autores y obras -- Introducción a 1-2 Corintios -- Primera carta a los Corintios Texto y comentarios -- Segunda carta a los Corintios. Texto y comentarios
653 _aComentario bíblico
653 _a1-2 Corintios
700 1 _aOden, Thomas C., (Editor)
942 _cBK
945 _aEstudiante
999 _c45253
_d45253